Statistics for NFL 100 Greatest Players

Click here to take the quiz!

General Stats

  • This quiz has been taken 27 times
  • The average score is 39 of 100

Answer Stats

Position Number Original Team Answer % Correct
QB2New England PatriotsTom Brady
100%
WR1San Francisco 49ersJerry Rice
91%
CB98Denver BroncosWillie Brown
91%
LB3New York GiantsLawrence Taylor
91%
RB4Cleveland BrownsJim Brown
91%
QB6San Francisco 49ersJoe Montana
91%
DE28Buffalo BillsBruce Smith
91%
QB8Indianapolis ColtsPeyton Manning
91%
RB19Dallas CowboysEmmitt Smith
91%
LB23Baltimore RavensRay Lewis
86%
QB18Denver BroncosJohn Elway
86%
DB16Atlanta FalconsDeion Sanders
86%
HB10Detroit LionsBarry Sanders
86%
RB5Chicago BearsWalter Payton
86%
QB9Baltimore ColtsJohnny Unitas
82%
CB96Washington RedskinsDarrell Green
77%
DE7Philadelphia EaglesReggie White
77%
DT11Pittsburgh SteelersJoe Greene
77%
QB20Miami DolphinsDan Marino
77%
DT72Dallas CowboysRandy White
77%
DE15Los Angeles RamsDeacon Jones
73%
OT81Seattle SeahawksWalter Jones
73%
WR24Minnesota VikingsRandy Moss
68%
DB13San Francisco 49ersRonnie Lott
64%
LB12Chicago BearsDick Butkus
64%
TE36Kansas City ChiefsTony Gonzalez
64%
OT14Cincinnati BengalsAnthony Munoz
59%
RB21Chicago BearsGale Sayers
59%
RB40Buffalo BillsOJ Simpson
59%
QB75Pittsburgh SteelersTerry Bradshaw
55%
QB100Dallas CowboysTroy Aikman
55%
S32Baltimore RavensEd Reed
50%
RB99Pittsburgh SteelersFranco Harris
50%
QB17Cleveland BrownsOtto Graham
50%
LB46Chicago BearsMike Singletary
45%
QB68New York JetsJoe Namath
41%
DE64Houston TexansJ.J. Watt
36%
DB37Pittsburgh SteelersRod Woodson
36%
S61Green Bay PackersCharles Woodson
36%
WR85Indianapolis ColtsMarvin Harrison
36%
QB41Green Bay PackersAaron Rodgers
36%
QB92Minnesota VikingsFran Tarkenton
36%
LB60San Diego ChargersJunior Seau
36%
LB86Kansas City ChiefsDerrick Thomas
36%
QB56Tampa Bay BucaneersSteve Young
32%
WR52San Francisco 49ersTerrell Owens
32%
LB29Pittsburgh SteelersJack Lambert
32%
TE89New England PatriotsRob Gronkowski
32%
QB48Dallas CowboysRoger Staubach
32%
DT27Minnesota VikingsAlan Page
32%
QB22Washington RedskinsSammy Baugh
32%
RB38Los Angeles RamsEric Dickerson
32%
QB34San Diego ChargersDrew Brees
32%
RB57Indianapolis ColtsMarshall Faulk
32%
RB80Minnesota VikingsAdrian Peterson
27%
LB67Pittsburgh SteelersJack Ham
27%
QB63Green Bay PackersBart Starr
27%
DT53Los Angeles RamsMerlin Olsen
27%
RB59Houston OilersEarl Campbell
27%
WR83Dallas CowboysMichael Irvin
27%
OG30New England PatriotsJohn Hannah
27%
OG74Dallas CowboysLarry Allen
23%
S87Pittsburgh SteelersTroy Polamalu
23%
WR65Arizona CardinalsLarry Fitzgerald
23%
DT88St. Louis/Los Angeles RamsAaron Donald
23%
RB90Dallas CowboysTony Dorsett
23%
LB42Green Bay PackersRay Nitschke
23%
DE78New York GiantsMichael Strahan
23%
QB76Chicago BearsSid Luckman
23%
OG/C/OT73Houston/Tennessee Oilers/TitansBruce Matthews
23%
OG55Oakland RaidersGene Upshaw
18%
TE79San Diego ChargersKellen Winslow
18%
WR25Green Bay PackersDon Hutson
14%
C66Pittsburgh SteelersMike Webster
14%
QB26Atlanta FalconsBrett Farve
14%
FB50Chicago BearsBronko Nagurski
14%
DT/DE31Dallas CowboysBob Lilly
14%
OT69St. Louis RamsOrlando Pace
14%
CB39Pittsburgh SteelersMel Blount
14%
WR58Baltimore ColtsRaymond Berry
14%
CB97New England PatriotsMike Haynes
9%
K95New England PatriotsAdam Vinateri
9%
RB93Cleveland BrownsMarion Motley
9%
C/LB44Philadelphia EaglesChuck Bednarik
9%
RB45Canton BulldogsJim Thorpe
9%
RB47Chicago BearsRed Grange
9%
OT70Oakland/Los Angeles RaidersArt Shell
9%
WR62San Diego ChargersLance Alworth
9%
OT84Baltimore RavensJonathan Ogden
5%
OT43Green Bay PackersForrest Gregg
5%
C77Oakland RaidersJim Otto
5%
DE/DT35Dallas TexansGino Marchetti
5%
OL49Baltimore ColtsJim Parker
0%
LB71Baltimore ColtsTed Hendricks
0%
RB54San Diego ChargersLaDainian Tomlison
0%
DE91Tampa Bay BucaneersLee Roy Selmon
0%
LB82Kansas City ChiefsWillie Lanier
0%
CB94Green Bay PackersHerb Adderley
0%
DB33Los Angeles RamsDick Lane
0%
TE51Baltimore ColtsJohn Mackey
0%

Score Distribution

Percentile by Number Answered

Percent of People with Each Score

Your Score History

You have not taken this quiz